Préfecture Françaises - Statistiques

Statistiques générales
  • Ce quiz a été pris 31 fois
  • Le résultat moyen est 71 sur 96
Statistiques - réponses
Numéro Département Préfecture % Correct
33 Gironde Bordeaux
96%
38 Isère Grenoble
96%
59 Nord Lille
96%
69 Rhône Lyon
96%
13 Bouches-du-Rhône Marseille
96%
44 Loire-Atlantique Nantes
96%
6 Alpes-Maritimes Nice
96%
75 Paris Paris
96%
35 Ille-et-Vilaine Rennes
96%
14 Calvados Caen
93%
67 Bas-Rhin Strasbourg
93%
31 Haute-Garonne Toulouse
93%
1 Ain Bourg-en-Bresse
89%
85 Vendée La Roche-sur-Yon
89%
34 Hérault Montpellier
89%
29 Finistère Quimper
89%
83 Var Toulon
89%
2A Corse-du-Sud Ajaccio
86%
2B Haute-Corse Bastia
86%
72 Sarthe Le Mans
86%
66 Pyrénées-Orientales Perpignan
86%
49 Maine-et-Loire Angers
82%
74 Haute-Savoie Annecy
82%
90 Territoire de Belfort Belfort
82%
25 Doubs Besançon
82%
63 Puy-de-Dôme Clermont-Ferrand
82%
68 Haut-Rhin Colmar
82%
21 Côte-d'Or Dijon
82%
17 Charente-Maritime La Rochelle
82%
64 Pyrénées-Atlantiques Pau
82%
76 Seine-Maritime Rouen
82%
42 Loire Saint-Étienne
82%
5 Hautes-Alpes Gap
79%
10 Aube Troyes
79%
26 Drôme Valence
79%
78 Yvelines Versailles
79%
80 Somme Amiens
75%
62 Pas-de-Calais Arras
75%
84 Vaucluse Avignon
75%
73 Savoie Chambéry
75%
28 Eure-et-Loir Chartres
75%
57 Moselle Metz
75%
40 Landes Mont-de-Marsan
75%
54 Meurthe-et-Moselle Nancy
75%
45 Loiret Orléans
75%
24 Dordogne Périgueux
75%
56 Morbihan Vannes
75%
81 Tarn Albi
71%
89 Yonne Auxerre
71%
88 Vosges Épinal
71%
91 Essonne Évry
71%
53 Mayenne Laval
71%
43 Haute-Loire Le Puy-en-Velay
71%
86 Vienne Poitiers
71%
65 Hautes-Pyrénées Tarbes
71%
37 Indre-et-Loire Tours
71%
19 Corrèze Tulle
71%
11 Aude Carcassonne
68%
8 Ardennes Charleville-Mézières
68%
4 Alpes-de-Haute-Provence Digne-les-Bains
68%
87 Haute-Vienne Limoges
68%
3 Allier Moulins
68%
30 Gard Nîmes
68%
79 Deux-Sèvres Niort
68%
50 Manche Saint-Lô
68%
61 Orne Alençon
64%
60 Oise Beauvais
64%
18 Cher Bourges
64%
36 Indre Châteauroux
64%
94 Val-de-Marne Créteil
64%
9 Ariège Foix
64%
71 Saône-et-Loire Mâcon
64%
92 Hauts-de-Seine Nanterre
64%
58 Nièvre Nevers
64%
22 Côtes-d'Armor Saint-Brieuc
64%
47 Lot-et-Garonne Agen
61%
32 Gers Auch
61%
41 Loir-et-Cher Blois
61%
46 Lot Cahors
61%
2 Aisne Laon
61%
39 Jura Lons-le-Saunier
61%
77 Seine-et-Marne Melun
61%
48 Lozère Mende
61%
82 Tarn-et-Garonne Montauban
61%
7 Ardèche Privas
61%
12 Aveyron Rodez
61%
16 Charente Angoulême
57%
15 Cantal Aurillac
57%
55 Meuse Bar-le-Duc
57%
23 Creuse Guéret
57%
95 Val-d'Oise Cergy
54%
27 Eure Évreux
54%
70 Haute-Saône Vesoul
54%
93 Seine-Saint-Denis Bobigny
50%
51 Marne Châlons-en-Champagne
50%
52 Haute-Marne Chaumont
43%
Aucun quiz correspondant
Distribution des résultats
% des personnes avec chaque résultat
Percentile par nombre de réponses
Votre historique - résultats
Vous n’avez pas pris ce quiz